Los maestros de la sospecha (Registro nro. 14720)
[ vista simple ]
| 000 -CABECERA | |
|---|---|
| Longitud fija campo de control | 00988nam a22003137a 4500 |
| 003 - IDENTIFICADOR DELl NÚMERO DE CONTROL | |
| Identificador del número de control | OSt |
| 005 - FECHA Y HORA DE LA ÚLTIMA TRANSACCIÓN | |
| Fecha y hora de la última transacción | 20141027092815.0 |
| 008 - CÓDIGOS DE INFORMACIÓN DE LONGITUD FIJA | |
| Códigos de información de longitud fija | 141017b xxu||||| |||| 00| 0 eng d |
| 020 ## - NÚMERO INTERNACIONAL NORMALIZADO PARA LIBROS | |
| Número Internacional Normalizado para Libros (ISBN) | 978-84-92416-75-2 |
| 040 ## - FUENTE DE LA CATALOGACIÓN | |
| Centro transcriptor | BMC |
| 082 ## - NÚMERO DE LA CLASIFICACIÓN DECIMAL DEWEY | |
| Númeroo de clasificación | 200.1 |
| 082 ## - NÚMERO DE LA CLASIFICACIÓN DECIMAL DEWEY | |
| Númeroo de clasificación | 335.4092 |
| 082 ## - NÚMERO DE LA CLASIFICACIÓN DECIMAL DEWEY | |
| Númeroo de clasificación | 193.092 |
| 082 ## - NÚMERO DE LA CLASIFICACIÓN DECIMAL DEWEY | |
| Númeroo de clasificación | 150.195 |
| 100 1# - PUNTO DE ACCESO PRINCIPAL-NOMBRE DE PERSONA | |
| Nombre de persona | Torralba Roselló, Francesc |
| 9 (RLIN) | 26820 |
| 245 14 - MENCIÓN DE TÍTULO | |
| Título | Los maestros de la sospecha |
| Resto del título | : Marx, Nietzsche, Freud |
| Mención de responsabilidad, etc. | Francesc Torralba ; [traducción del catalán, Carla Ros] |
| 250 ## - MENCIÓN DE EDICIÓN | |
| Mención de edición | 1ª ed |
| 260 ## - PUBLICACIÓN, DISTRIBUCIÓN, ETC. (PIE DE IMPRENTA) | |
| Lugar de publicación, distribución, etc. | Barcelona |
| Nombre del editor, distribuidor, etc. | Fragmenta |
| Fecha de publicación, distribución, etc. | 2013 |
| 300 ## - DESCRIPCIÓN FÍSICA | |
| Extensión | 157 p. |
| Dimensiones | 18 cm |
| 490 ## - MENCIÓN DE SERIE | |
| Mención de serie | Fragmentos |
| Designación de volumen o secuencia | 22 |
| 504 ## - NOTA DE BIBLIOGRAFÍA, ETC | |
| Nota de bibliografía, etc. | Bibliografía: p. [155]-157 |
| 595 ## - NOTA DE EDICIÓN E HISTORIA BIBLIOGRÁFICA | |
| Nota de edición e historia bibliográfica | Traducción de: Els mestres de la sospita. Marx, Nietzsche, Freud |
| 600 14 - PUNTO DE ACCESO ADICIONAL DE MATERIA - NOMBRE DE PERSONA | |
| Nombre de persona | Marx, Karl |
| Fechas asociadas al nombre | 1818-1883 |
| 9 (RLIN) | 14116 |
| 600 14 - PUNTO DE ACCESO ADICIONAL DE MATERIA - NOMBRE DE PERSONA | |
| Nombre de persona | Nietzsche, Friedrich |
| Fechas asociadas al nombre | 1844-1900 |
| 9 (RLIN) | 22046 |
| 600 14 - PUNTO DE ACCESO ADICIONAL DE MATERIA - NOMBRE DE PERSONA | |
| Nombre de persona | Freud, Sigmund |
| Fechas asociadas al nombre | 1856-1939 |
| 9 (RLIN) | 10566 |
| 650 24 - PUNTO DE ACCESO ADICIONAL DE MATERIA - TÉRMINO DE MATERIA | |
| Término de materia o nombre geográfico como elemento inicial | Religión y filosofía |
| 9 (RLIN) | 1387 |
| 700 1# - PUNTO DE ACCESO ADICIONAL - NOMBRE DE PERSONA | |
| 9 (RLIN) | 27277 |
| Nombre de persona | Ros, Carla |
| 942 ## - ENTRADA DE ELEMENTOS AGREGADOS (KOHA) | |
| Fuente de clasificaión o esquema | Dewey Decimal Classification |
| Koha [por defecto] tipo de item | 1- Monografias |
| Suprimido | Perdido | Fuente de clasificación o esquema | Estropeado | Restricciones de uso | No para préstamo | Código de colección | Localización permanente | Localización actual | Localización en estanter&íacute;as | Fecha adquisición | Fuente de adquisición | Número de inventario | Préstamos totales | Signatura completa | Código de barras | Fecha última consulta | Fecha último préstamo | Coste, precio reemplazado | Fecha del precio de reemplazo | Tipo de item de Koha |
|---|---|---|---|---|---|---|---|---|---|---|---|---|---|---|---|---|---|---|---|---|
| NULL | NULL | Dewey Decimal Classification | NULL | Prestable | NULL | NULL | Biblioteca Miguel de Cervantes - UNICAES | Biblioteca Miguel de Cervantes - UNICAES | Sala Principal | 20/10/2014 | Donación - UNAV. | 023246 | 1 | 200.1 TOR mae | 1023705 | 20/05/2016 | 18/05/2016 | 15.60 | 18/10/2014 | 1- Monografias |